Normal view MARC view

Entry Nombre personal

Number of records used in: 1

001 - NÚMERO DE CONTROL

  • campo de control: 155406

003 - IDENTIFICADOR DE NÚMERO DE CONTROL

  • campo de control: SpMaBN

005 - FECHA Y HORA DE LA ÚLTIMA TRANSACCIÓN

  • campo de control: 20250824091600.0

008 - ELEMENTOS DE DATO DE LONGITUD-FIJA

  • campo de control de longitud fija: 270580nn aijnnaabn a aaa

016 ## - NÚMERO DE CONTROL DE UNA AGENCIA BIBLIOGRÁFICA NACIONAL

  • Número de control del registro: BNE19920656894

024 7# - IDENTIFICADOR DE OTROS ESTÁNDARES

  • Número estándar o código: http://viaf.org/viaf/21598760/
  • Fuente: viaf

024 7# - IDENTIFICADOR DE OTROS ESTÁNDARES

  • Número estándar o código: https://isni.org/isni/0000000121234584
  • Fuente: isni

040 ## - FUENTE DE CATALOGACIÓN

  • Centro catalogador/agencia de origen: SpMaBN
  • Lengua de catalogación: spa
  • Centro/agencia transcriptor: SpMaBN
  • Normas de descripción: rdc
  • Convención/Normas de encabezamiento de materia/tesauro: embne

046 ## - FECHAS CON CODIFICACIÓN ESPECIAL

  • Fecha de nacimiento: 1902
  • Fecha de la muerte: 1985

100 1# - ENCABEZAMIENTO-NOMBRE DE PERSONA

  • Nombre de persona: Ferrer C. Maura, Salvador,
  • Fechas asociadas al nombre: 1902-1985

374 ## - OCUPACIÓN

  • Ocupación: Profesores
  • Ocupación: Escritores
  • Ocupación: Letristas
  • Ocupación: Pedagogos

375 ## - GÉNERO/SEXO

  • Género: Masculino

377 ## - IDIOMA ASOCIADO

  • Término de lengua/lenguaje: Español

400 1# - TRAZADO DE VÉASE--NOMBRE DE PERSONA

  • Nombre de persona: Ferrer Maura, Salvador,
  • Fechas asociadas al nombre: 1902-1985

400 1# - TRAZADO DE VÉASE--NOMBRE DE PERSONA

  • Nombre de persona: Ferrer Culubret y Maura, Salvador,
  • Fechas asociadas al nombre: 1902-1985

670 ## - FUENTE DE DATOS ENCONTRADOS

  • Cita de la fuente: El condestable, 2006
  • Información encontrada: port. (Salvador Ferrer C. Maura)

670 ## - FUENTE DE DATOS ENCONTRADOS

  • Cita de la fuente: Milagro en Belén, 1959
  • Información encontrada: (Salvador Ferrer Maura)

670 ## - FUENTE DE DATOS ENCONTRADOS

  • Cita de la fuente: WWW Univ. de Gerona, 19-3-2007
  • Información encontrada: (Salvador Ferrer C. Maura (Girona 1902-1985); profesor, pedagogo y escritor)

670 ## - FUENTE DE DATOS ENCONTRADOS

  • Cita de la fuente: WWW SGAE Repertorio, 20-12-2021
  • Información encontrada: (Salvador Ferrer Culubret y Maura)